01006nam a22002654a 4500001000400000003000400004005001700008008004100025020002400066040000800090041000800098082001700106100002900123245008200152250001300234260004300247300001800290520029100308650002600599650001900625650003300644655001200677655001600689830003500705479OSt20250902145243.0250902b |||||||| |||| 00| 0 eng d a8508082495 (broch.) bpor hpor04a028.5bA994h1 aAzevedo, Ricardo,d1949-10aHistórias que o povo conta /ctexto e ilustrações de Ricardo Azevedo. - a1. ed. - aSão Paulo :bEditora Ática,c2002. a56p. :bil. ; aMacaco brigando com velha? Gambá sonhando em ficar rico? Essas situações inusitadas e muitas outras, que fazem parte desse livro, saíram da cabeça do povo e são aqui recontadas por Ricardo Azevedo. Escritor e ilustrador premiado, já publicou vários livros sobre o tema. 0aLiteratura Brasileira 0aInfantojuvenil 0aContos populares brasileiros 0aRomance 0aFicção  aLiteratura em minha casavv.5.